000 00338nam a2200133Ia 4500
005 20260328104258.0
008 260328s9999||||xx |||||||||||||| ||und||
100 _aVargas Llosa, Mario
245 0 _aLos jefes - Los cachorros /
_cMario Vargas Llosa
260 _bSantillana
300 _a113 p.
650 _aARQUITECTURA
942 _cBK
999 _c10525
_d10525